| 000 | 00571nam a2200181Ia 4500 | ||
|---|---|---|---|
| 008 | 210719s2021 xx 000 0 und d | ||
| 020 | _a978-1-138-96154-8 | ||
| 041 | _aeng | ||
| 082 | _a658.8343 FOUC | ||
| 100 | _aFOURNIER (Susan);BREAZEALE (Michael);FETSCHERIN (Marc) Ed | ||
| 245 | _aConsumer brand relationships: theory and practice | ||
| 260 |
_aLondon _bRoutledge _c2021 |
||
| 300 |
_axxvi,424 _bPB |
||
| 365 |
_b1995 _cRs |
||
| 650 | _aConsumer Behaviour | ||
| 650 | _aMarketing Management | ||
| 906 | _abrand ; Consumer ; practice ; relationships: ; theory | ||
| 999 |
_c212044 _d212044 |
||